POSTMENOPAUSAL osteoporosis basic and clinical concepts
Saved in:
| Format: | Book |
|---|---|
| Language: | English |
| Published: |
Jaypee Brothers Medical Publishers
2013
|
| Tags: |
Add Tag
No Tags, Be the first to tag this record!
|
MARC
| LEADER | 00000nam a22000007a 4500 | ||
|---|---|---|---|
| 008 | 211026b ||||| |||| 00| 0 eng d | ||
| 020 | |a 9789350900857 | ||
| 245 | |a POSTMENOPAUSAL osteoporosis |b basic and clinical concepts |c edited by Meeta MD |g XVIII, 262Pp. | ||
| 250 | |c Meeta MD | ||
| 260 | |b Jaypee Brothers Medical Publishers |c 2013 |h New Delhi |i 697066 |i 697067 |l RG 186 .P84 |m Menopause - complications |m Menopause - Hormone therapy |m Osteoporosis , post menopausal |m Women"s Health | ||
| 500 | |a It includes illustration, bibliographical references and index | ||
| 942 | |a lcc |c BK |e Adeyeye Y. S. |f 26/10/21 | ||
| 952 | |0 0 |1 0 |2 lcc |4 0 |6 RG0186 P84 |7 0 |9 3695 |a HOL |b HOL |c QZ |d 2021-10-26 |l 0 |o RG 186 .P84 |p 2021-67430 |r 2021-10-26 00:00:00 |w 2021-10-26 |y BK | ||
| 952 | |0 0 |1 0 |2 lcc |4 0 |6 RG0186 P84 |7 0 |9 3696 |a HOL |b HE |c QZ |d 2021-10-26 |l 0 |o RG 186 .P84 |p 2021-67431 |r 2021-10-26 00:00:00 |w 2021-10-26 |y BK | ||
| 999 | |c 1839 |d 1839 | ||